Upper Perak district, Perak

Bibliographic Details
Main Author: GYEKIS
Format: Book
Published: Kuala Lumpur : Forest Research Institute, Forest Department , 1967
Subjects:

MARC

LEADER 00000cam a2200000 7i4500
001 0000001873
005 20020313.0
090 0 0 |a 634.9285   |b GYE 1967 
100 1 0 |a GYEKIS   |h Kerry D. 
245 1 0 |a Upper Perak district, Perak   |c Kerry D. Gyekis 
260 0 0 |a Kuala Lumpur :   |b Forest Research Institute, Forest Department ,   |c 1967 
300 |a 1v. (various pagings) :   |b maps (2 folded in pocket) ;   |c 33 cm. 
500 0 0 |a Forest resources reconnaissance survey of Malaya report ; no. 12 
650 0 0 |a Forest surveys   |z Malaysia   |z Perak 
650 0 0 |a Forests and forestry   |x Mensuration 
650 0 0 |a Surveys 
998 |a JPSM 
999 |a 0000002999   |b Monograph   |c Open Shelf   |e Default branch